Komentujeme futbalovú nedeľu neobjektívne verdikty rozhodcu

Bibliographic Details
Main Authors: (P.F.) (Author), (P.D.) (Author)
Corporate Author: FK Rekostav Stará Ľubovňa (Author)
Format: Article
Language:Slovak
PhysicalDescription:1 tab.
Subjects:

MARC

LEADER 00000nab a2200000 a 4500
001 vtls001030627
003 SK-MaSNL
005 20260303035712.0
008 040720e20020516xo 0 slo
035 |a SL9181 
040 |a SLLK  |b slo  |c SLLK  |e AACR2 
041 0 |a slo 
044 |a xo  |c SK 
080 |a 796.332  |2 1981 
100 0 |a (P.F.)  |4 aut  |9 1022413 
245 1 0 |a Komentujeme futbalovú nedeľu  |b neobjektívne verdikty rozhodcu 
246 3 1 |b Sobrance - Stará Ľubovňa 3:1 (2:0) 
300 |b 1 tab. 
610 2 7 |a FK Rekostav Stará Ľubovňa  |2 SLLK  |9 59391 
650 0 7 |a futbal  |2 SLLK  |9 3291 
650 0 7 |a muži  |2 SLLK  |9 4888 
650 0 7 |a liga 3.  |2 SLLK  |9 1022389 
650 0 7 |a liga 2.  |2 SLLK  |9 883564 
650 0 7 |a dorast starší  |2 SLLK  |9 1022410 
650 0 7 |a dorast mladší  |2 SLLK  |9 1022411 
650 0 7 |a žiaci mladší  |2 SLLK  |9 886367 
650 0 7 |a zápasy  |2 SLLK  |9 880005 
650 0 7 |a výsledky  |2 SLLK  |9 493505 
651 7 |a Sobrance (Slovensko)  |2 SLLK  |9 23785 
651 7 |a SL,  |2 SLLK  |9 1022390 
655 7 |a periodikum  |2 snkbucl  |9 29553 
700 0 0 |a (P.D.)  |4 aut  |9 872708 
710 2 |a FK Rekostav Stará Ľubovňa  |4 aut  |9 59391 
773 0 8 |t Ľubovnianske noviny  |g Roč. 28, č.20, 16.5.2002, s. 4 
852 |a ZVYKNI  |b KIS3GCP 
999 |c 1678573  |d 1680503